| 000 | 01125nam a2200241 a 4500 | ||
|---|---|---|---|
| 001 | 39821 | ||
| 003 | BD-RjUL | ||
| 005 | 20211209053050.0 | ||
| 008 | 160418m20152005bg |||| |||| 00| 0 ben d | ||
| 020 |
_a9847320173 _c: Tk. 200.00 |
||
| 035 | _a(BD-RjUL)39934 | ||
| 040 |
_aBD-RjUL _bben _cBD-RjUL |
||
| 041 | _aben | ||
| 082 |
_223 _a342.5492 _bRAM 2015 |
||
| 100 |
_aরহমান, গাজী শামছুর _9122657 |
||
| 245 | 1 | 0 |
_aমানবাধিকার মৌলিক অধিকার মানহানি অশ্লীলতা আইন রাষ্ট্রদ্রোহিতা / _cগাজী শামছুর রহমান ; সম্পাদনা মো. শাহ আলমগীর |
| 260 |
_aঢাকা : _bবাংলাদেশ প্রেস ইনস্টিটিউট, _c২০০৫ [ মুদ্রণ ২০১৫ ] |
||
| 300 |
_a২১৮ পৃ. ; _c২২ সেমি. |
||
| 650 |
_aCivil Law _zBangladesh _9122658 |
||
| 650 |
_aHuman Rights _9122616 |
||
| 700 |
_aসম্পাদনা আলমগীর, মো. শাহ _9122659 |
||
| 942 |
_2ddc _cBK |
||
| 999 |
_c39821 _d39821 |
||